LEADER 02573nas 2200901- 450 001 9910513710503321 005 20240802213015.0 011 $a2667-3827 035 $a(DE-599)ZDB3106328-7 035 $a(OCoLC)1273109111 035 $a(CKB)5590000000537122 035 $a(CONSER)--2024228321 035 $a(EXLCZ)995590000000537122 100 $a20211003a20219999 o-- a 101 0 $aeng 135 $aur||||||||||| 181 $ctxt$2rdacontent 182 $cc$2rdamedia 183 $acr$2rdacarrier 200 00$aAdvances in psychiatry and behavioral health 210 1$a[New York] :$cElsevier, Inc.,$d[2021]- 215 $a1 online resource 531 10$aAdv Psychiatry Behav Health 606 $aPsychiatry$vPeriodicals 606 $aMedicine and psychology$vPeriodicals 606 $aPsychotherapy$vPeriodicals 606 $aMental health$vPeriodicals 606 $aMedicine and psychology 606 $aPsychotherapy 606 $aMental health 606 $aMental illness 606 $aSanté mentale$vPériodiques 606 $aMédecine comportementale 606 $aPsychothérapie 606 $aSanté mentale 606 $aMaladies mentales 606 $amental health$2aat 606 $amental disorders$2aat 606 $aMedicine and psychology$2fast 606 $aMental health$2fast 606 $aPsychiatry$2fast 606 $aPsychotherapy$2fast 606 $aPsychiatry 606 $aMental Disorders 606 $aBehavioral Medicine 606 $aPsychotherapy 606 $aMental Health 608 $aPeriodicals$2fast 608 $aPeriodical 615 0$aPsychiatry 615 0$aMedicine and psychology 615 0$aPsychotherapy 615 0$aMental health 615 0$aMedicine and psychology. 615 0$aPsychotherapy. 615 0$aMental health. 615 0$aMental illness. 615 6$aSanté mentale 615 6$aMédecine comportementale. 615 6$aPsychothérapie. 615 6$aSanté mentale. 615 6$aMaladies mentales. 615 7$amental health. 615 7$amental disorders. 615 7$aMedicine and psychology 615 7$aMental health 615 7$aPsychiatry 615 7$aPsychotherapy 615 12$aPsychiatry 615 22$aMental Disorders 615 22$aBehavioral Medicine 615 22$aPsychotherapy 615 22$aMental Health 676 $a616.89 906 $aJOURNAL 912 $a9910513710503321 996 $aAdvances in Psychiatry and Behavioral Health$92565979 997 $aUNINA LEADER 01022nam0 22002651i 450 001 UON00027888 005 20231205102047.319 100 $a20020107f |0itac50 ba 101 $atur 102 $aTR 105 $a|||| 1|||| 200 1 $a87 Oguz$eMilli Cocuk Romani$fNimet ve Rakim 210 $aIstanbul$cIkbal Kutuphanesi$ds.d. 128 p. ; 20 cm 606 $aLETTERATURA INFANTILE$xTURCHIA$3UONC002839$2FI 620 $aTR$dIstanbul$3UONL000077 686 $aTUR VI BA$cTurchia - Letteratura - Testi$2A 700 0$aNIMET$3UONV018930$0643991 701 0$aRAKIM$3UONV018931$0643992 712 $aIkbal Kutuphanesi$3UONV250569$4650 801 $aIT$bSOL$c20260206$gRICA 899 $aSIBA - SISTEMA BIBLIOTECARIO DI ATENEO E ARCHIVIO STORICO$2UONSI 912 $aUON00027888 950 $aSIBA - SISTEMA BIBLIOTECARIO DI ATENEO E ARCHIVIO STORICO$dSI TUR VI BA 079 $eSI MR 15399 5 079 996 $a87 Oguz$91188439 997 $aUNIOR